| 000 | 00455nam a2200133Ia 4500 | ||
|---|---|---|---|
| 008 | 250506s9999 xx 000 0 und d | ||
| 024 | _a13B-67-EL, 13B-186-EL & 13B-228-EL | ||
| 082 | _a629.254072 AZH | ||
| 100 | _aAzhar Ali, Nihal Ahmad & Syed Sadiqain Ali | ||
| 245 | 0 | _aMonitoring Generator Parameters Through Android Application | |
| 260 |
_aKarachi: _bUIT, _c2014 |
||
| 600 | _aComputer System Engineering | ||
| 650 | _aBachelor of Engineering (BE) | ||
| 999 |
_c28395 _d28395 |
||